<?xml version="1.0" encoding="UTF-8"?>
<record
    xmlns:xsi="http://www.w3.org/2001/XMLSchema-instance"
    xsi:schemaLocation="http://www.loc.gov/MARC21/slim http://www.loc.gov/standards/marcxml/schema/MARC21slim.xsd"
    xmlns="http://www.loc.gov/MARC21/slim">

  <leader>04870cam a2200277 i 4500</leader>
  <controlfield tag="001">114183</controlfield>
  <controlfield tag="003">DR-UNIBE</controlfield>
  <controlfield tag="005">20251031062556.0</controlfield>
  <controlfield tag="008">160721s2024    sp       b    001 0 spa  </controlfield>
  <datafield tag="020" ind1=" " ind2=" ">
    <subfield code="a">9788430988150</subfield>
  </datafield>
  <datafield tag="040" ind1=" " ind2=" ">
    <subfield code="a">DLC</subfield>
    <subfield code="b">eng</subfield>
    <subfield code="c">DLC</subfield>
    <subfield code="e">rda</subfield>
    <subfield code="d">BIBLIOTECA UNIBE</subfield>
  </datafield>
  <datafield tag="041" ind1=" " ind2=" ">
    <subfield code="a">spa</subfield>
  </datafield>
  <datafield tag="082" ind1=" " ind2=" ">
    <subfield code="a">341.2 C335c 2024</subfield>
  </datafield>
  <datafield tag="100" ind1="1" ind2=" ">
    <subfield code="a">Casanovas y La Rosa, Oriol,</subfield>
    <subfield code="d">1938-</subfield>
    <subfield code="9">200380</subfield>
    <subfield code="e">autor</subfield>
  </datafield>
  <datafield tag="245" ind1="1" ind2="0">
    <subfield code="a">Compendio de derecho internacional p&#xFA;blico /</subfield>
    <subfield code="c">Oriol Casanovas, &#xC1;ngel J. Rodrigo</subfield>
  </datafield>
  <datafield tag="250" ind1=" " ind2=" ">
    <subfield code="a">D&#xE9;cimo segunda edici&#xF3;n</subfield>
  </datafield>
  <datafield tag="260" ind1=" " ind2=" ">
    <subfield code="a">Madrid :</subfield>
    <subfield code="b">Tecnos,</subfield>
    <subfield code="c">2024</subfield>
  </datafield>
  <datafield tag="300" ind1=" " ind2=" ">
    <subfield code="a">554 p&#xE1;ginas</subfield>
  </datafield>
  <datafield tag="504" ind1=" " ind2=" ">
    <subfield code="a">Incluye referencias bibliogr&#xE1;ficas e &#xED;ndice.</subfield>
  </datafield>
  <datafield tag="505" ind1=" " ind2=" ">
    <subfield code="a">I. LA COMUNIDAD INTERNACIONAL Y EL DERECHO INTERNACIONAL P&#xDA;BLICO  | 
 1. La comunidad internacional  | 
 2. El Derecho internacional p&#xFA;blico  | 
II. LA IDENTIFICACI&#xD3;N Y LA CREACI&#xD3;N DE LAS NORMAS INTERNACIONALES  | 
 3. Las fuentes del Derecho internacional  | 
 4. La conclusi&#xF3;n de los tratados internacionales  | 
 5. Los efectos y la aplicaci&#xF3;n de los tratados  | 
 6. La nulidad, la terminaci&#xF3;n y la suspensi&#xF3;n de los tratados  | 
 7. Otras fuentes del Derecho internacional p&#xFA;blico  | 
III. LAS RELACIONES ENTRE EL DERECHO INTERNACIONAL Y LOS DERECHOS INTERNOS  | 
 8. Las relaciones entre el Derecho internacional y los Derechos internos  | 
IV. LOS MIEMBROS DE LA COMUNIDAD INTERNACIONAL  | 
 9. El Estadoen el Derecho internacional  | 
 10. La inmunidad del Estado y la sucesi&#xF3;n de estados  | 
 11. La subjetividad y la estructura de las organizaciones internacionales  | 
12. Las competencias y el derecho de las organizaciones internacionales  |
13. Las naciones unidas |
14. Las organizaciones internacionales universales y regionales  |
15. Otras entidades de car&#xE1;cter no estatal, los pueblos y las personas |
V. LA REGLAMENTACI&#xD3;N DE LAS RELACIONES INTERESTATALES |
16. El territorio del estado  |
17. Los espacios marinos |
18. La competencia personal y la protecci&#xF3;n diplom&#xE1;tica |
19. Los &#xF3;rganos de las relaciones exteriores del estado |
VI. LOS REG&#xCD;MENES INTERNACIONALES GENERALES PARA LA PROTECCI&#xD3;N DE INTERESES GENERALES DE LA COMUNIDAD INTERNACIONAL |
20. El r&#xE9;gimen general de los espacios y recursos fuera de la jurisdicci&#xF3;n nacional |
21. La protecci&#xF3;n internacional del medio ambiente |
22. La soluci&#xF3;n pac&#xED;fica de las controversias internacionales |
23. El mantenimiento de la paz |
24. La seguridad colectiva |
25. La protecci&#xF3;n internacional de los derechos humanos |
26. El derecho internacional humanitario |
27. La cooperaci&#xF3;n econ&#xF3;mica, el comercio internacional y el desarrollo |
VII. LA APLICACI&#xD3;N DEL DERECHO INTERNACIONAL P&#xDA;BLICO |
28. La responsabilidad internacional del estado |
29. Los medios jurisdiccionales de soluci&#xF3;n de controversias |
30. La responsabilidad internacional del individuo |
</subfield>
  </datafield>
  <datafield tag="520" ind1=" " ind2="3">
    <subfield code="a">Este Compendio de Derecho internacional p&#xFA;blico pretende armonizar el pragmatismo exigido por el contexto universitario y social con la exigencia irrenunciable de ofrecer el contenido m&#xED;nimo actualizado que todo alumno debiera conocer y aprender del ordenamiento jur&#xED;dico internacional a trav&#xE9;s de un marco te&#xF3;rico acorde con el momento presente. El Compendio no es una mera s&#xED;ntesis de temas de Derecho internacional p&#xFA;blico sino que formula una propuesta te&#xF3;rica en la exposici&#xF3;n de dicho ordenamiento jur&#xED;dico. El planteamiento que se ofrece en esta obra trata de conciliar la unidad del Derecho internacional como sistema normativo con la pluralidad de conjuntos normativos que regulan determinadas materias o sectores a trav&#xE9;s de las nociones de reg&#xED;menes internacionales especiales y generales. As&#xED; se constata que, junto a la tradicional estructura normativa bilateral de las obligaciones internacionales que regulan b&#xE1;sicamente los intereses individuales de los Estados, existe una estructura normativa comunitaria resultado de la protecci&#xF3;n y regulaci&#xF3;n de los intereses generales de la comunidad internacional en la que es posible identificar una caja de herramientas comunitarias cada vez m&#xE1;s amplia, especialmente, en el caso de las que tienen car&#xE1;cter sustantivo. Esta profunda transformaci&#xF3;n del ordenamiento internacional actual da un nuevo sentido a la expresi&#xF3;n Derecho internacional p&#xFA;blico que tiene una renovada significaci&#xF3;n al incorporar su dimensi&#xF3;n comunitaria y de protecci&#xF3;n de intereses generales. En definitiva, esta propuesta te&#xF3;rica de construcci&#xF3;n sist&#xE9;mica del Derecho internacional p&#xFA;blico pretende hacer compatible la unidad formal y material del ordenamiento jur&#xED;dico internacional con el pluralismo social y jur&#xED;dico que existe en la comunidad internacional actual.</subfield>
  </datafield>
  <datafield tag="650" ind1=" " ind2="7">
    <subfield code="a">Relaciones internacionales </subfield>
    <subfield code="9">44657</subfield>
    <subfield code="2">lemb</subfield>
  </datafield>
  <datafield tag="650" ind1=" " ind2="7">
    <subfield code="a">Derecho internacional p&#xFA;blico</subfield>
    <subfield code="2">lemb</subfield>
  </datafield>
  <datafield tag="700" ind1=" " ind2=" ">
    <subfield code="a">Rodrigo Hern&#xE1;ndez, &#xC1;ngel J</subfield>
    <subfield code="e">autor</subfield>
    <subfield code="9">200381</subfield>
  </datafield>
  <datafield tag="942" ind1=" " ind2=" ">
    <subfield code="2">ddc</subfield>
    <subfield code="c">BK</subfield>
  </datafield>
  <datafield tag="999" ind1=" " ind2=" ">
    <subfield code="c">114183</subfield>
    <subfield code="d">114183</subfield>
  </datafield>
  <datafield tag="952" ind1=" " ind2=" ">
    <subfield code="0">0</subfield>
    <subfield code="1">0</subfield>
    <subfield code="2">ddc</subfield>
    <subfield code="7">0</subfield>
    <subfield code="8">GEN</subfield>
    <subfield code="a">Principal</subfield>
    <subfield code="b">Principal</subfield>
    <subfield code="c">NEW</subfield>
    <subfield code="d">2025-10-29</subfield>
    <subfield code="l">0</subfield>
    <subfield code="o">341.2 C335c 2024</subfield>
    <subfield code="p">251130</subfield>
    <subfield code="r">2025-10-29 12:47:30</subfield>
    <subfield code="t">Ej. 1</subfield>
    <subfield code="w">2025-10-29</subfield>
    <subfield code="y">BK</subfield>
  </datafield>
</record>
